[Event "Open"]
[Site "Pune IND"]
[Date "2004.09.03"]
[Round "1"]
[White "Hegde,R"]
[Black "Gareev,T"]
[Result "0-1"]
[WhiteElo "2344"]
[BlackElo "2536"]

1.Nf3 Nf6 2.c4 g6 3.g3 Bg7 4.Bg2 O-O 5.O-O c6 6.d4 d5 7.cxd5 cxd5 8.Nc3 Ne4
9.e3 e6 10.Nd2 Nd6 11.b3 b6 12.Ba3 Ba6 13.Re1 Nc6 14.Rc1 Rc8 15.h4 Re8 16.Nf3 Qd7
17.h5 Rc7 18.hxg6 hxg6 19.Ng5 Nf5 20.Bb2 Nb4 21.Bf1 Bxf1 22.Rxf1 Qe7 23.Nf3 Nd6
24.Ba3 a5 25.Qd2 Rec8 26.Na4 Ne4 27.Qe2 Rxc1 28.Rxc1 Rxc1+ 29.Bxc1 Qc7 30.Ba3 Qc6
31.Kg2 b5 32.Bxb4 axb4 33.Nb2 Qa6 34.Nd3 Nc3 35.Qc2 Bf8 36.Nc1 Bd6 37.Ng5 e5
38.dxe5 Bxe5 39.Nf3 Bf6 40.Qd3 Qa3 41.Qc2 Kg7 42.g4 Ne4 43.Ne2 Qa7 44.Nf4 Qd7
45.Nh2 Be5 46.f3 Bxf4 47.exf4 Nc3 48.Qd2 d4 49.f5 d3 50.Nf1 Qd4 51.Ng3 Nd5
52.fxg6 Nf4+ 53.Kh2 fxg6 54.Ne4 Ne2 55.Qe1 Qe3 56.Nd2 Kf7 57.Ne4 Ke6 58.g5 Qxf3
59.Qxb4 Qh5+ 60.Kg2 Qg4+ 61.Kf2 Qg1+ 62.Kf3 Nd4+ 63.Kf4 Qf1+ 64.Kg3 Qf3+  0-1

[Event "8th WUCC Women"]
[Site "Instanbul TUR"]
[Date "2004.09.06"]
[Round "3"]
[White "Calotescu,A"]
[Black "Motoc,A"]
[Result "0-1"]
[WhiteElo "2307"]
[BlackElo "2359"]

1.Nf3 Nf6 2.c4 g6 3.g3 Bg7 4.Bg2 O-O 5.d4 d6 6.O-O Nc6 7.Nc3 Rb8 8.d5 Na5
9.b3 c6 10.Bd2 cxd5 11.cxd5 b5 12.b4 Nc4 13.Rc1 Qb6 14.Bg5 h6 15.Bxf6 Bxf6
16.Ne4 Bb2 17.Rc2 Bg7 18.Ned2 Nb2 19.Qb1 Na4 20.Rfc1 Bb7 21.Qb3 Rbc8 22.Bh3 Rxc2
23.Rxc2 a5 24.a3 Ra8 25.Bd7 axb4 26.axb4 Rd8 27.Bh3 Qa6 28.e4 Nc3 29.Bf1 Qa1
30.e5 Rc8 31.Qb2 Qxb2 32.Rxb2 Bxd5 33.Ne1 Bxe5 34.Rc2 Rc6 35.f3 Bd4+ 36.Kh1 Ra6
37.Nd3 Ra1 38.Kg2 Nd1 39.Rc1 Ne3+ 40.Kf2 Nc4+ 41.Ke1 Rxc1+ 42.Nxc1 Bc3 43.Bxc4 Bxc4
44.Kd1 Bxb4  0-1

[Event "TCh-SCG Men"]
[Site "Budva SCG"]
[Date "2004.09.17"]
[Round "9"]
[White "Kurcubic,A"]
[Black "Ristic,Nen"]
[Result "0-1"]
[WhiteElo "2342"]
[BlackElo "2433"]

1.Nf3 Nf6 2.g3 g6 3.Bg2 Bg7 4.c4 O-O 5.O-O c6 6.d4 d6 7.Nc3 Qa5 8.Qd2 e5
9.dxe5 dxe5 10.Ne4 Qxd2 11.Nxf6+ Bxf6 12.Nxd2 Be6 13.Ne4 Be7 14.b3 Na6 15.Ng5 Bg4
16.f3 Bf5 17.g4 Bc5+ 18.Kh1 Bc2 19.Bb2 Be3 20.Ne4 Bxe4 21.fxe4 Bd4 22.Bxd4 exd4
23.Rad1 Rad8 24.Rd2 c5 25.Rfd1 Nc7 26.e3 Ne6 27.exd4 Nxd4 28.e5 b6 29.Bd5 Rfe8
30.Rf1 Re7 31.Rdf2 Rdd7 32.Kg2 Rc7 33.Rf6 Nc2 34.Kg3 Ne3 35.Re1 Rxe5 36.Kf4 Rxd5
37.Rxe3 Rd2 38.h4 Rxa2 39.Rd6 Rc8 40.Rd7 Ra3 41.h5 gxh5 42.gxh5 Ra1 43.Rg3+ Kf8
44.Kg5 Rf1 45.Rxa7 Rc6 46.Ra8+ Kg7 47.Rb8 Rcf6 48.Rd8 R6f5+ 49.Kh4+ Kh6 50.Rd6+ f6
51.Kh3 R1f2 52.Re3 Kxh5 53.Kg3 Rf1 54.Rxb6 Rg5+ 55.Kh2 Rf2+ 56.Kh3 Rf4 57.Rg3 h6
58.Rb5 Rff5 59.b4 cxb4 60.Rxg5+ Kxg5 61.Rxb4 Rf3+ 62.Kg2 Rc3 63.Kf2 h5 64.Ke2 h4
65.Kd2 Rg3 66.Rb8 Rg4 67.Rg8+ Kf4 68.Rf8 Kg3 69.Rxf6 h3 70.Ke2 h2 71.Rf3+ Kg2
72.Rf2+ Kh3 73.Rf3+ Rg3  0-1

[Event "2nd Saipa Cup"]
[Site "Tehran IRI"]
[Date "2004.09.20"]
[Round "10"]
[White "Kotsur,P"]
[Black "Agamaliev,G"]
[Result "1/2-1/2"]
[WhiteElo "2607"]
[BlackElo "2515"]

1.Nf3 Nf6 2.c4 g6 3.g3 Bg7 4.Bg2 O-O 5.O-O d6 6.Nc3 Nc6 7.d4 Bf5 8.b3 a6
9.Bb2 Rb8 10.Rc1 Re8 11.Re1 e5 12.d5 Ne7 13.e4 Bd7 14.c5 Rf8 15.b4 Ne8 16.Qb3 Kh8
17.a4 b6 18.cxd6 cxd6 19.b5 a5 20.Nb1  1/2-1/2

[Event "79th ch-ARG"]
[Site "Buenos Aires ARG"]
[Date "2004.09.24"]
[Round "1"]
[White "Chapado,R"]
[Black "Needleman,A"]
[Result "0-1"]
[WhiteElo "2151"]
[BlackElo "2420"]

1.Nf3 Nf6 2.c4 g6 3.g3 Bg7 4.Bg2 O-O 5.O-O d6 6.d4 c6 7.Nc3 Qa5 8.e4 Bg4
9.h3 Bxf3 10.Bxf3 e5 11.dxe5 dxe5 12.a3 Rd8 13.Qe2 Nbd7 14.b4 Qc7 15.Bg5 Nf8
16.Rfd1 Ne6 17.Rxd8+ Rxd8 18.Bxf6 Bxf6 19.Bg2 Rd4 20.h4 Qd8 21.Rd1 Be7 22.Bh3 Rxd1+
23.Nxd1 Nd4 24.Qd3 a5 25.c5 axb4 26.axb4 Qa8 27.Qb1 Qa3 28.Bc8 Qf3 29.Bxb7 Ne2+
30.Kh2 Bxh4  0-1

[Event "Tatry Open"]
[Site "Tatranske Zruby SVK"]
[Date "2004.09.27"]
[Round "3"]
[White "Szamos,A"]
[Black "Mrva,Mart"]
[Result "0-1"]
[WhiteElo "2262"]
[BlackElo "2495"]

1.Nf3 Nf6 2.g3 g6 3.Bg2 Bg7 4.c4 O-O 5.O-O d6 6.Nc3 Bd7 7.e4 c5 8.Rb1 Nc6
9.d3 Qc8 10.Re1 Bg4 11.Qc2 Nd7 12.Nd5 e6 13.Ne3 Bxf3 14.Bxf3 Nde5 15.Be2 b5
16.cxb5 Nd4 17.Qd1 Nxb5 18.Nc2 Nc6 19.Bf4 Rd8 20.Bf3 Rb8 21.Bg2 Qa6 22.a3 Nbd4
23.b4 Nxc2 24.Qxc2 Nd4 25.Qc4 Qxa3 26.bxc5 Rxb1 27.Rxb1 dxc5 28.Bc7 Rc8 29.Bd6 Ne2+
30.Kh1 Nc3 31.Re1 Qa5 32.e5 Nb5 33.Rb1 Nxd6 34.exd6 Rd8 35.Bc6 Rxd6 36.Qf4 Rxc6
37.Rb7 Qa1+ 38.Kg2 Rc8  0-1

[Event "Tatry Open"]
[Site "Tatranske Zruby SVK"]
[Date "2004.09.27"]
[Round "3"]
[White "Manik,M"]
[Black "Sikorova,O"]
[Result "1-0"]
[WhiteElo "2502"]
[BlackElo "2268"]

1.Nf3 Nf6 2.c4 g6 3.g3 Bg7 4.Bg2 O-O 5.O-O d6 6.d4 Nbd7 7.Nc3 e5 8.h3 h6
9.e4 Kh7 10.Be3 c6 11.Qc2 Qe7 12.Rad1 Ne8 13.Rfe1 Nc7 14.Kh2 Nf6 15.b4 b6
16.c5 dxc5 17.dxc5 Nd7 18.Rd6 Na6 19.Rb1 Nxb4 20.Rxb4 bxc5 21.Rxd7 Bxd7 22.Rc4 Rfb8
23.Rxc5 Rb7 24.Ra5 Qd8 25.Ra6 Qc7 26.Nd2 Bf8 27.Nb3 Rab8 28.Na4 Qc8 29.Bf1 Rc7
30.Rxa7 Rxa7 31.Bxa7 Ra8 32.Nb6 Qb7 33.Nxd7 Qxa7 34.Nxe5 Qxa2 35.Qxa2 Rxa2
36.Kg2 Bd6 37.Nxc6 Bc7 38.Nb4 Rb2 39.Bc4 Bb6 40.Nd3 Rc2 41.Bxf7 Kg7 42.Bd5 g5
43.Kf1 h5 44.Ke1 Kf6 45.Kd1 Ra2 46.Nd2 Ra3 47.Ke2 Ke7 48.e5 Ra5 49.Nb4 Kf8
50.Nc4 Rb5 51.Nxb6 Rxb6 52.Nd3 Rb5 53.Bf3 h4 54.gxh4 gxh4 55.Bg4  1-0

[Event "Tatry Open"]
[Site "Tatranske Zruby SVK"]
[Date "2004.09.27"]
[Round "3"]
[White "Machycek,L"]
[Black "Novak,Jar"]
[Result "1/2-1/2"]
[WhiteElo "2271"]
[BlackElo "2005"]

1.Nf3 Nf6 2.c4 g6 3.g3 Bg7 4.Bg2 O-O 5.O-O d5 6.cxd5 Nxd5 7.Nc3 Nxc3 8.bxc3 Nd7
9.Rb1 c6 10.d4 e5 11.e4 Re8 12.Qc2 Qc7 13.Be3 b6 14.Nd2 c5 15.d5 Ba6 16.c4 Rf8
17.Qa4 Bc8 18.f4 f6 19.Bh3 Nb8 20.Bxc8 Rxc8 21.f5 Nd7 22.fxg6 hxg6 23.Rb2 Rf8
24.Nf3 Qd6 25.Nh4 Kh7 26.Qd1 Bh6 27.Bxh6 Kxh6 28.Qg4 Rg8 29.Rbf2 Rae8 30.Rf5 g5
31.Ng2 Qe7 32.Ne3 Qf7 33.Qf3 Rg6 34.Ng4+ Kg7 35.Qa3 a5 36.Qa4 Qe7 37.Qc6 Rf8
38.R5f2 f5 39.Qc7 f4  1/2-1/2

[Event "1st Central League"]
[Site "Vrnjacka Banja SCG"]
[Date "2004.09.27"]
[Round "4"]
[White "Todorov,O"]
[Black "Markovic,Miros"]
[Result "0-1"]
[WhiteElo "2349"]
[BlackElo "2564"]

1.Nf3 Nf6 2.c4 g6 3.g3 Bg7 4.Bg2 O-O 5.O-O d6 6.d4 Nc6 7.Nc3 Bg4 8.d5 Na5
9.Qd3 Nd7 10.b3 c5 11.Bb2 a6 12.Nd1 Bxb2 13.Nxb2 Rb8 14.Qc3 Bxf3 15.exf3 b5
16.Nd3 Nb7 17.Rfe1 Re8 18.Re2 Qa5 19.Qc2 bxc4 20.bxc4 Qa3 21.Rae1 Na5 22.Rxe7 Rxe7
23.Rxe7 Nb6 24.Re4 Qa4 25.Qc3 Nbxc4 26.Bf1 Qd1 27.Re2 Qa4 28.Re4 Qxa2 29.Kg2 Qd2
30.Qf6 Rf8 31.h4 Qh6 32.Nf4 Nd2 33.Ra4 Nab3 34.Qxd6 Qg7 35.Bxa6 Qc3 36.Be2 Nd4
37.Qe5 N2xf3 38.Qe3 Ne1+ 39.Kg1 Qb2 40.Rc4 Nec2 41.Qd2 Re8 42.Qd1 Qb3 43.Rxc5 Rxe2
44.Rc8+ Kg7  0-1

[Event "79th ch-ARG"]
[Site "Buenos Aires ARG"]
[Date "2004.09.30"]
[Round "8"]
[White "Ibar,M"]
[Black "Daneri,M"]
[Result "1/2-1/2"]
[WhiteElo "2314"]
[BlackElo "2196"]

1.Nf3 Nf6 2.g3 g6 3.c4 Bg7 4.Bg2 O-O 5.d4 d6 6.O-O Nc6 7.Nc3 a6 8.d5 Na5
9.Nd2 c5 10.Qc2 Rb8 11.b3 b5 12.a3 bxc4 13.bxc4 Bh6 14.e3  1/2-1/2

[Event "Tatry Open"]
[Site "Tatranske Zruby SVK"]
[Date "2004.09.30"]
[Round "7"]
[White "Demeter,P"]
[Black "Kasas,L"]
[Result "1-0"]
[WhiteElo "2293"]
[BlackElo "2096"]

1.c4 Nf6 2.Nf3 g6 3.g3 Bg7 4.Bg2 O-O 5.O-O d6 6.Nc3 e5 7.d3 c6 8.Rb1 Nbd7
9.e4 Nc5 10.b4 Ne6 11.h3 Nd4 12.Nxd4 exd4 13.Ne2 Nd7 14.Bf4 Qe7 15.Qd2 c5
16.Bg5 f6 17.Bh6 g5 18.Bxg7 Kxg7 19.bxc5 dxc5 20.f4 h6 21.a4 Nb8 22.e5 fxe5
23.fxg5 Rxf1+ 24.Kxf1 hxg5 25.g4 Nc6 26.Ng3 Be6 27.Kg1 Rf8 28.Qe2 Bc8 29.Bxc6 bxc6
30.Re1 Kh6 31.Kg2 Re8 32.Qe4 Bd7 33.Rf1 Rg8 34.Rf5 Re8 35.h4 Rg8 36.Rxe5 Qd6
37.Re7 Rh8 38.h5 Bc8 39.Nf5+ Bxf5 40.Qxf5  1-0

[Event "TCh-Vojvodina"]
[Site "Sombor SCG"]
[Date "2004.10.02"]
[Round "10"]
[White "Kapelan,M"]
[Black "Velickovic,Sa"]
[Result "1/2-1/2"]
[WhiteElo "2310"]
[BlackElo "2405"]

1.Nf3 Nf6 2.c4 g6 3.g3 Bg7 4.Bg2 O-O 5.O-O d6 6.d4 Nc6 7.d5 Na5 8.Nfd2 c5
9.Nc3 a6 10.Qc2 Rb8  1/2-1/2

[Event "9th ECC w"]
[Site "Izmir TUR"]
[Date "2004.10.05"]
[Round "3"]
[White "Chistiakova,T"]
[Black "Bar Shalom,O"]
[Result "1-0"]
[WhiteElo "2301"]
[BlackElo "2080"]

1.Nf3 Nf6 2.c4 g6 3.g3 Bg7 4.Bg2 O-O 5.O-O d6 6.d4 c6 7.Nc3 Nbd7 8.b3 e5
9.e3 Qa5 10.Bb2 e4 11.Nd2 d5 12.cxd5 cxd5 13.f3 Bh6 14.fxe4 Bxe3+ 15.Kh1 Bxd2
16.Qxd2 dxe4 17.Nxe4 Qxd2 18.Nxd2 Re8 19.Rae1 Rb8 20.Nc4 b5 21.Nd6 Rxe1 22.Rxe1 Ba6
23.d5 Rb6 24.Ne8 Bb7 25.d6 Bxg2+ 26.Kxg2 Nd5 27.Nc7 N5f6 28.Ne8 Nd5 29.Rc1 Rb8
30.Nc7 Ne3+ 31.Kf3 Nf5 32.Nd5 Nxd6 33.Rc7 Rb7 34.Rxd7  1-0

[Event "1st TCh-WSen"]
[Site "Port Erin IOM"]
[Date "2004.10.10"]
[Round "6"]
[White "Richardson,Kei"]
[Black "Klundt,K"]
[Result "0-1"]
[WhiteElo "2220"]
[BlackElo "2358"]

1.c4 Nf6 2.Nf3 g6 3.g3 Bg7 4.Bg2 O-O 5.O-O d6 6.d4 Nc6 7.Nc3 a6 8.h3 Rb8
9.Be3 b5 10.cxb5 axb5 11.Rc1 Bd7 12.d5 Na5 13.b3 b4 14.Nb1 c6 15.dxc6 Bxc6
16.Bd4 Qd7 17.Bb2 Rfc8 18.Ne1 Bxg2 19.Kxg2 Rxc1 20.Qxc1 Ra8 21.Nd3 Nc6 22.a4 bxa3
23.Nxa3 Rb8 24.Qc2 Qb7 25.Kh2 Nb4 26.Nxb4 Qxb4 27.Rb1 h5 28.Qc4 Qxc4 29.Nxc4 Rxb3
30.Rd1 Rb4 31.Rc1 d5 32.Bxf6 Bxf6 33.Ne3 e6 34.Kg2 Kg7 35.h4 Rb3 36.Nf1 Rb2
37.Kf3 Bd8 38.Rd1 Bb6 39.e3 Kf6 40.Nh2 Kf5 41.g4+ Kf6 42.gxh5 gxh5 43.Nf1 Rb4
44.Kg3 d4 45.exd4 Bxd4 46.Nd2 Be5+ 47.Kh3 Rd4 48.f3 Kf5  0-1

[Event "XI Bela Papp Mem"]
[Site "Torokbalint HUN"]
[Date "2004.10.20"]
[Round "5"]
[White "Izsak,Gyu"]
[Black "Ilincic,Z"]
[Result "1/2-1/2"]
[WhiteElo "2475"]
[BlackElo "2522"]

1.Nf3 Nf6 2.c4 g6 3.g3 Bg7 4.Bg2 O-O 5.O-O d6 6.d4 Nbd7 7.Nc3 e5 8.h3 c6
9.e4 a6 10.Re1 h6 11.b3 b5 12.dxe5 dxe5 13.Bf1 Bb7 14.Bb2 Qe7 15.Qc2 Rfd8
16.Nd1 b4 17.Ne3 a5 18.a3 Ne8 19.Red1 Nc7 20.axb4 axb4 21.Rxa8 Bxa8 22.Ng4 Kh7
23.Ne3 Ne6 24.Nf5 Qf6 25.Nxg7 Qxg7 26.c5 f6 27.Bc1 Nexc5 28.Be3 Ne6 29.Bc4 Qe7
30.Bxe6 Qxe6 31.Bc5 Rg8 32.Bxb4 Qxh3 33.Nh4 c5 34.Be1 Rg7 35.Qc4 Bb7 36.f3 Nf8
37.Rd2 Qc8 38.b4 Ne6 39.Rd6 Nd4 40.Rxf6 cxb4 41.Qxc8 Bxc8 42.Bxb4 g5 43.Nf5 Bxf5
44.exf5 Rb7 45.Bf8 Rb2 46.Rxh6+ Kg8 47.Bc5 Nxf3+ 48.Kf1 Kf7 49.Re6 g4 50.Bd6 e4
51.Bf4 Rb4 52.Kf2 Nd4 53.Rxe4 Rb2+ 54.Kf1 Nxf5 55.Re5 Kf6 56.Ra5 Rc2  1/2-1/2

[Event "36th Olympiad"]
[Site "Calvia ESP"]
[Date "2004.10.25"]
[Round "10"]
[White "Gonzalez,Be CRC"]
[Black "Roselli Mailhe,B"]
[Result "1-0"]
[WhiteElo "2423"]
[BlackElo "2405"]

1.Nf3 Nf6 2.c4 g6 3.g3 Bg7 4.Bg2 O-O 5.O-O d6 6.Nc3 Nc6 7.d3 Bd7 8.Rb1 Qc8
9.Re1 Bh3 10.Bh1 h6 11.b4 e5 12.Nd5 Kh7 13.b5 Nd8 14.a4 Nh5 15.Be3 Ne6 16.a5 f5
17.Nd2 f4 18.Ne4 Qd7 19.c5 dxc5 20.Bxc5 Rf7 21.b6 Qxd5 22.Ng5+ hxg5 23.Bxd5 axb6
24.axb6 c6 25.Bxe6 Bxe6 26.Ra1 Rd8 27.Ra7 Nf6 28.Qa4 Rd5 29.Qa3 Bh3 30.Ra8 Nd7
31.Be7 Nxb6 32.Rb8 Nd7 33.Rxb7 Nc5 34.Ra7 Ne6 35.Bc5 Rf5 36.Bb6 c5 37.Re7 Rf8
38.f3 g4 39.Rxe6 fxg3 40.Re7 gxf3 41.exf3 g2 42.Qa7 Rg8 43.Qb7 Rxd3 44.Qe4 Rd4
45.Qxe5 Kh8 46.Rxg7 Rxg7 47.Bxc5 Rd7 48.Bf8  1-0

[Event "19th Open"]
[Site "Le Touquet FRA"]
[Date "2004.10.27"]
[Round "4"]
[White "Norek,A"]
[Black "Marzolo,C"]
[Result "0-1"]
[WhiteElo "1963"]
[BlackElo "2437"]

1.Nf3 Nf6 2.c4 g6 3.g3 Bg7 4.Bg2 O-O 5.O-O d6 6.Nc3 Nc6 7.d4 Rb8 8.e4 a6
9.Qe2 Bg4 10.Be3 e5 11.Qd2 Bxf3 12.Bxf3 exd4 13.Bxd4 Nxe4 14.Nxe4 Nxd4 15.Bg2 b5
16.cxb5 axb5 17.Rad1 c5 18.Kh1 b4 19.Qf4 Rb6 20.Rb1 Ra6 21.a3 bxa3 22.bxa3 Be5
23.Qe3 Qa5 24.Rb7 Rb6 25.Rd7 Rb3 26.Qg5 Qb5 27.Rxd6 Re8 28.Rd8 Rxd8 29.Qxd8+ Kg7
30.Qe7 Ne6 31.a4 Qb7 32.Qxb7 Rxb7 33.Ng5 Rb2 34.Nxe6+ fxe6 35.Bc6 c4 36.f4 Bd4
37.Rc1 c3 38.Be4 Ra2 39.Rc2 Rxa4 40.Kg2 Kf6 41.Kf3 Ke7 42.h4 Ra5 43.g4 Ra1
44.h5 gxh5 45.gxh5 h6 46.f5 Rh1 47.Kg4 Re1 48.Bc6  0-1

[Event "TCh-SLO"]
[Site "Celje SLO"]
[Date "2004.11.01"]
[Round "4"]
[White "Supancic,D"]
[Black "Podvrsnik,M"]
[Result "1-0"]
[WhiteElo "2372"]
[BlackElo "2223"]

1.Nf3 Nf6 2.c4 g6 3.g3 Bg7 4.Bg2 O-O 5.O-O d6 6.d4 c6 7.Nc3 Nbd7 8.h3 e5
9.e4 Qb6 10.d5 Nc5 11.Qe2 cxd5 12.cxd5 Qa6 13.Qxa6 Nxa6 14.Be3 Bd7 15.Rfc1 Rfc8
16.Nd2 Ne8 17.g4 Bf6 18.Bf1 Nac7 19.b4 Bd8 20.Bd3 Ng7 21.Nc4 Nce8 22.a4 f5
23.f3 h5 24.gxf5 gxf5 25.Kh2 Bh4 26.Nb5 Bxb5 27.axb5 fxe4 28.fxe4 b6 29.Ra2 Bd8
30.Rac2  1-0

[Event "8th OIBM"]
[Site "Bad Wiessee GER"]
[Date "2004.11.04"]
[Round "6"]
[White "Rotstein,A"]
[Black "Butunoi,A"]
[Result "1/2-1/2"]
[WhiteElo "2525"]
[BlackElo "2372"]

1.c4 Nf6 2.Nf3 g6 3.g3 Bg7 4.Bg2 O-O 5.O-O Nc6 6.Nc3 a6 7.Rb1 d5 8.cxd5 Nxd5
9.Re1 e5 10.Nxe5 Nxc3 11.Nxc6 Nxd1 12.Nxd8 Nxf2 13.Bxb7 Bxb7 14.Nxb7 Bd4
15.Kf1 Bb6 16.Na5 Ng4 17.h3 Bxa5 18.hxg4 Rab8 19.Kg2 Rfd8 20.Rd1 Rd4 21.Kf3 Rb6
22.g5 Rc4 23.b3 Rc2 24.Rb2 Rbc6 25.Rxc2 Rxc2 26.a3 Ra2 27.Ke4 c6 28.Kd3 c5
29.Rf1 Bc7 30.Rf6 Bd8 31.Rxa6 Bxg5 32.Rc6 Be7 33.Rc7 Bd6 34.Rc6 Bxg3 35.Rxc5 h5
36.Ke4 f5+ 37.Kf3 h4 38.d3 Kf7 39.Rc6 Be5 40.Rc5 Bd6 41.Rc6 Be5 42.Rc5 Bd6
43.Rc6  1/2-1/2

[Event "WYg18"]
[Site "Heraklio GRE"]
[Date "2004.11.04"]
[Round "1"]
[White "Limontaite,S"]
[Black "Fominykh,M"]
[Result "1/2-1/2"]
[WhiteElo "2037"]
[BlackElo "2309"]

1.Nf3 Nf6 2.c4 g6 3.g3 Bg7 4.Bg2 O-O 5.O-O d6 6.d4 Nc6 7.Nc3 Bd7 8.e4 e5
9.d5 Na5 10.Qd3 c5 11.dxc6 bxc6 12.Rd1 Qb6 13.Na4 Qa6 14.b3 c5 15.Nb2 Bc6
16.Ne1 Rad8 17.Nc2 Qb6 18.Bd2 Nb7 19.Bc3 Rd7 20.Re1 Nd8 21.Ne3 Ne6 22.Nd5 Qd8
23.Bh3 Rb7 24.Rf1 Bd7 25.Bg2 Nxd5 26.exd5 Nd4 27.Qd2 Qc8 28.Rac1 h5 29.Nd3 Kh7
30.Rce1 f5 31.f4 e4 32.Nc1 Qd8 33.h4 Qf6 34.Re3 Ra8 35.Ba5 Qf7 36.Kh2 Bf6
37.Kh1 Qg7 38.Kh2 Bd8 39.Bc3 a5 40.Rd1 Qf7 41.Kh1 Bb6 42.Kh2 Rba7 43.Kh1 Bc8
44.Ne2 Nxe2 45.Rxe2 a4 46.Qe3 axb3 47.axb3 Ba5 48.Bxa5 Rxa5 49.Rb2 Qg7 50.Rbb1 Ra3
51.Qe1 Qc7 52.Kh2 Ba6 53.Rdc1 Ra2 54.Qc3 Rb8 55.Rc2 Rxc2 56.Qxc2 Rb4 57.Bf1 Qb6
58.Qc3 Bb7 59.Qf6 Qc7  1/2-1/2

[Event "Open"]
[Site "Calcutta IND"]
[Date "2004.11.11"]
[Round "5"]
[White "Sangma,R"]
[Black "Palit,S"]
[Result "1/2-1/2"]
[WhiteElo "2206"]
[BlackElo "2340"]

1.c4 Nf6 2.Nf3 g6 3.g3 Bg7 4.Bg2 O-O 5.Nc3 d5 6.cxd5 Nxd5 7.O-O Nb6 8.a3 a5
9.d3 Nc6 10.Be3 e5 11.Bc5 Re8 12.Rc1 Be6 13.Bxb6 cxb6 14.Qa4 Rc8 15.Rfd1 Bd7
16.Qb3 Be6 17.Qa4  1/2-1/2

[Event "Acropolis GM"]
[Site "Athens GRE"]
[Date "2004.11.19"]
[Round "4"]
[White "Mastrovasilis,A"]
[Black "Schmaltz,R"]
[Result "1/2-1/2"]
[WhiteElo "2502"]
[BlackElo "2528"]

1.Nf3 Nf6 2.c4 g6 3.g3 Bg7 4.Bg2 O-O 5.d4 d6 6.O-O Nbd7 7.Nc3 e5 8.e4 exd4
9.Nxd4 Re8 10.h3 Nc5 11.Re1 Bd7 12.Rb1 h6 13.b4 Ne6 14.Nxe6 Bxe6 15.Nd5 a5
16.bxa5 Rxa5 17.Rxb7 Bxd5 18.cxd5 Rxa2 19.Qb3 Qa8 20.Be3 Nxe4 21.Rxc7  1/2-1/2

[Event "Petrosian Mem Open"]
[Site "Yerevan ARM"]
[Date "2004.11.21"]
[Round "3"]
[White "Izoria,Z"]
[Black "Petrosian,DG"]
[Result "1-0"]
[WhiteElo "2600"]
[BlackElo "2395"]

1.Nf3 Nf6 2.c4 g6 3.g3 Bg7 4.Bg2 O-O 5.O-O d6 6.d4 c6 7.Nc3 Qb6 8.e3 Re8
9.Nd2 Bf5 10.h3 Bd3 11.Re1 Qa6 12.b3 e5 13.Bb2 Nbd7 14.g4 exd4 15.exd4 Rxe1+
16.Qxe1 Re8 17.Qd1 b5 18.Qf3 bxc4 19.Qxc6 Qxc6 20.Bxc6 Rc8 21.Bb5 Nb6 22.Ba6 Re8
23.Nxc4 Nxc4 24.Bxc4 Bxc4 25.bxc4 Rc8 26.Re1 Rxc4 27.g5 Nd7 28.Re8+ Nf8 29.Ne4 Bxd4
30.Ba3 Kg7 31.Bxd6 Ne6 32.Be7 f5 33.gxf6+ Kh6 34.Bd6 Nc7 35.f7  1-0

[Event "17th Belgrade Trophy"]
[Site "Obrenovac SCG"]
[Date "2004.11.22"]
[Round "1"]
[White "Zendilovska,K"]
[Black "Tadic,B"]
[Result "0-1"]
[WhiteElo "2159"]
[BlackElo "2474"]

1.Nf3 Nf6 2.c4 g6 3.g3 Bg7 4.Bg2 O-O 5.O-O d6 6.d4 c5 7.Nc3 Nc6 8.dxc5 dxc5
9.Bf4 Be6 10.Qxd8 Raxd8 11.b3 Nh5 12.Rac1 Nxf4 13.gxf4 b6 14.e4 Bg4 15.Nd5 e6
16.Ne3 Bxf3 17.Bxf3 Nd4 18.Kg2 Bh6 19.Kg3 f5 20.e5 g5 21.Ng2 gxf4+ 22.Nxf4 Kh8  0-1

[Event "17th Belgrade Trophy"]
[Site "Obrenovac SCG"]
[Date "2004.11.23"]
[Round "2"]
[White "Tadic,B"]
[Black "Stanojevic,B"]
[Result "1-0"]
[WhiteElo "2474"]
[BlackElo "2332"]

1.Nf3 Nf6 2.c4 g6 3.g3 Bg7 4.Bg2 O-O 5.O-O c6 6.d4 d6 7.Nc3 Bg4 8.d5 e5 9.dxc6 bxc6
10.h3 Be6 11.Qa4 Qc7 12.Rd1 h6 13.Be3 Rc8 14.Rac1 Nbd7 15.Nd5 cxd5 16.cxd5 Nc5
17.Rxc5 Bd7 18.Rxc7 Bxa4 19.Rdc1 Rxc7 20.Rxc7 a6 21.Nd2 Bb5 22.Kf1 Ne8 23.Rb7 Rc8
24.Ne4 Rc2 25.Nc3 Rxb2 26.Kg1 Rc2 27.Nxb5 axb5 28.Rb8 Kf8 29.Be4 Rxa2 30.Bd3 Ke7
31.Bxb5 Nf6 32.Bc6 Ra1+ 33.Kg2 Rd1 34.Bb6 Nxd5 35.Re8+ Kf6 36.Bxd5 Rxd5 37.e4  1-0

[Event "17th Belgrade Trophy"]
[Site "Obrenovac SCG"]
[Date "2004.11.24"]
[Round "3"]
[White "Bogosavljevic,B"]
[Black "Sarenac,D"]
[Result "1/2-1/2"]
[WhiteElo "2254"]
[BlackElo "2075"]

1.Nf3 Nf6 2.c4 g6 3.g3 Bg7 4.Bg2 O-O 5.O-O d5 6.cxd5 Nxd5 7.d4 Nb6 8.Nc3 Nc6
9.e3 e5 10.d5 Na5 11.e4 c6 12.Bg5 f6 13.Be3 cxd5 14.Nxd5 Nxd5 15.Qxd5+ Qxd5
16.exd5 Nc4 17.Bc5 Rd8 18.b3 Rxd5 19.Bb4 Nb6 20.Nd2 Rd4 21.Bc3 Rd3 22.Ba5 f5
23.Rad1 e4 24.Nb1 Rxd1 25.Rxd1 Be6 26.Bf1 Kf7 27.Na3 Nd5 28.Bc4 Nf6 29.Bc3 Bxc4
30.Nxc4 b6 31.Kg2 Bf8 32.a4 Ke6 33.f3 exf3+ 34.Kxf3 Ne4 35.Bb2 Be7 36.Rd3 Rd8
37.Ke2 Rxd3 38.Kxd3 Nc5+ 39.Kc2 Kd5 40.Na3 a6 41.Nb1 Ke4 42.Nd2+ Ke3 43.Nc4+ Kf2
44.Nxb6 Kg2 45.b4 Nxa4 46.Nxa4 Bxb4 47.Be5 Kxh2 48.g4+ Kh3 49.gxf5 gxf5 50.Kd3 Kg4
51.Nb6 Kf3 52.Nd5 Be1 53.Nf6 h6 54.Nh5 Bh4 55.Ng7 f4 56.Ne6 Bg3 57.Nd4+ Kg4
58.Ke4 f3 59.Nxf3 Bxe5 60.Nxe5+ Kg3 61.Ng6 h5 62.Kd4 Kg4 63.Kc4 Kg5 64.Ne5 Kf5
65.Nf3  1/2-1/2

[Event "17th Belgrade Trophy"]
[Site "Obrenovac SCG"]
[Date "2004.11.25"]
[Round "4"]
[White "Tadic,B"]
[Black "Radovanovic,D"]
[Result "1-0"]
[WhiteElo "2474"]
[BlackElo "2370"]

1.Nf3 Nf6 2.c4 g6 3.g3 Bg7 4.Bg2 O-O 5.O-O d6 6.d4 Nc6 7.Nc3 a6 8.Re1 Rb8
9.Rb1 Bf5 10.e4 Bg4 11.Be3 Nd7 12.Ne2 e5 13.d5 Na5 14.b3 Nf6 15.Qd3 c5 16.b4 cxb4
17.Rxb4 Nd7 18.Reb1 b6 19.Nc3 Nc5 20.Qc2 Bd7 21.Ne1 Qc7 22.Bf1 Rb7 23.Qb2 Rfb8
24.f3 Bf6 25.Nd3 Qd8 26.h4 Qf8 27.Qf2 Bg7 28.Nb2 Bf6 29.Nba4 Bd8 30.Nxc5 bxc5
31.Rxb7 Rxb7 32.Rxb7 Nxb7 33.Qb2 Bc8 34.Na4 Bc7 35.Nb6 Qd8 36.Bg5 f6 37.Nxc8 Qxc8
38.Bxf6 h6 39.g4 Kf7 40.g5 h5 41.Kh2 Na5 42.Qf2  1-0

[Event "Petrosian Mem Open"]
[Site "Yerevan ARM"]
[Date "2004.11.25"]
[Round "7"]
[White "Bagaturov,G"]
[Black "Hovhannisyan,R"]
[Result "1-0"]
[WhiteElo "2451"]
[BlackElo "2233"]

1.Nf3 Nf6 2.c4 g6 3.g3 Bg7 4.Bg2 O-O 5.O-O d6 6.Nc3 e5 7.d3 h6 8.Rb1 a5 9.a3 Nc6
10.b4 axb4 11.axb4 Be6 12.b5 Ne7 13.Nd2 Qc8 14.Re1 Bh3 15.Bh1 Ng4 16.Bb2 f5
17.Ra1 Rxa1 18.Qxa1 f4 19.Nce4 Qf5 20.Nf3 fxg3 21.hxg3 g5 22.Qa7 Qc8 23.b6 Nc6
24.Qa3 Nf6 25.Nfd2 Nxe4 26.Nxe4 cxb6 27.Qxd6 Rd8 28.Qa3 Nd4 29.Bxd4 exd4
30.Qb3 Qe6 31.Rb1 Bg4 32.Qa2 Be5 33.Rb2 Kh8 34.Qa7 b5 35.Qa5 b6 36.Qxb5 Ra8
37.Bg2 Ra5 38.Qb4 Ra1+ 39.Bf1 Bh5 40.c5 bxc5 41.Qxc5 Bg7 42.Rb8+ Kh7 43.Rb7 Ra4
44.Qf8  1-0

[Event "17th Belgrade Trophy"]
[Site "Obrenovac SCG"]
[Date "2004.11.28"]
[Round "7"]
[White "Bogosavljevic,B"]
[Black "Zivkovic,Veli"]
[Result "1-0"]
[WhiteElo "2254"]
[BlackElo "2087"]

1.Nf3 Nf6 2.c4 g6 3.g3 Bg7 4.Bg2 O-O 5.O-O c5 6.d4 cxd4 7.Nxd4 Nc6 8.Nc3 d6
9.Nxc6 bxc6 10.Bxc6 Bh3 11.Bxa8 Qxa8 12.f3 Bxf1 13.Kxf1 Rc8 14.Qd3 Qb7 15.Rb1 Nd7
16.b3 Ne5 17.Qe3 e6 18.Nb5 Qa6 19.a4 Rb8 20.Ba3 d5 21.Bb2 Nc6 22.Bxg7 Kxg7
23.cxd5 exd5 24.Rc1 Rb6 25.Qc3+ Kg8 26.Nc7 Qa5 27.Qf6 Qd2 28.Rxc6 Qd1+ 29.Kf2 Rxc6
30.Qxc6 Qd4+ 31.Kg2  1-0

[Event "Lushki B"]
[Site "Serpukhov RUS"]
[Date "2004.11.30"]
[Round "17"]
[White "Kulago,A"]
[Black "Sobyanin,V"]
[Result "0-1"]
[WhiteElo "2095"]
[BlackElo "2277"]

1.Nf3 Nf6 2.c4 g6 3.g3 Bg7 4.Bg2 O-O 5.d4 c6 6.O-O d6 7.Nc3 Nbd7 8.e4 e5
9.h3 Qc7 10.dxe5 dxe5 11.Be3 Ne8 12.Qe2 Qd6 13.Rab1 f5 14.Rbd1 Qe7 15.exf5 gxf5
16.Rfe1 Qf7 17.Ng5 Qg6 18.c5 Ndf6 19.Qc4+ Kh8 20.Ne6 Qf7  0-1

[Event "ch-IND"]
[Site "Visakhapatnam IND"]
[Date "2004.12.06"]
[Round "3"]
[White "Harika,D"]
[Black "Sandipan,C"]
[Result "1/2-1/2"]
[WhiteElo "2391"]
[BlackElo "2543"]

1.Nf3 Nf6 2.c4 g6 3.g3 Bg7 4.Bg2 O-O 5.O-O d6 6.d4 c6 7.Nc3 Qa5 8.h3 Qb4
9.Qd3 e5 10.b3 Na6 11.Bb2 Bf5 12.e4 Nxe4 13.Nxe4 d5 14.cxd5 cxd5 15.Nxe5 dxe4
16.Qc4 Qxc4 17.Nxc4 Rad8 18.g4 Bc8 19.Bxe4 Bxd4 20.Rad1 Bxb2 21.Nxb2 h5 22.Bf3 hxg4
23.hxg4 Nb4 24.Nc4 Nxa2 25.Rxd8 Rxd8 26.Ra1 b5 27.Rxa2 bxc4 28.bxc4 Rd4 29.Rxa7 Rxc4
30.Kg2 Be6 31.Kg3 Rc3 32.Kg2 Kg7 33.Ra5 Kf6 34.g5+ Ke7 35.Bd5 Kd6 36.Bxe6 fxe6
37.Ra7 Rc5  1/2-1/2

[Event "It"]
[Site "Legnica POL"]
[Date "2004.12.09"]
[Round "9"]
[White "Cyborowski,L"]
[Black "Lanka,Z"]
[Result "1/2-1/2"]
[WhiteElo "2564"]
[BlackElo "2455"]

1.Nf3 Nf6 2.c4 g6 3.g3 Bg7 4.Bg2 O-O 5.Nc3 d6 6.O-O a6 7.d3 c5 8.d4 b6 9.e4 Bb7
10.Re1 Nfd7 11.Be3 Nc6 12.Qd2 e5 13.dxc5 dxc5 14.Nd5 Nd4 15.b4 Bxd5 16.cxd5 Qf6
17.Bxd4 cxd4 18.Rec1 Rfc8 19.Ne1 b5 20.Rxc8+ Rxc8 21.Rc1 Qd8 22.Bh3 Rxc1
23.Qxc1 Nf6 24.Bg2 a5 25.a3 axb4 26.axb4 Ne8 27.Qc6 Nd6 28.Nd3 h5 29.Nc5 h4
30.Bf1 Bf8 31.Nb7  1/2-1/2